000
00319nam a22001337a 4500
008
170321b xxu||||| |||| 00| 0 eng d
020
_a
9780815136231
041
_a
eng
080
_2
4 ED
_a
616.12 -008-073
100
_a
7
101
_a
SHM
245
_a
RAPID REVIEW AND CASE SCENARIOS
_c
GRAUNER.K
942
_2
udc
_c
BK
999
_c
8264
_d
8264